|
|
|
|
| LEADER |
01578nam a2200301 a 4500 |
| 001 |
GR-MES13196 |
| 008 |
070925s gr b 000 0 gre d |
| 020 |
|
|
|a 9600215553
|
| 040 |
|
|
|a GrPaTEI
|b gre
|c GR-PaULI
|
| 040 |
|
|
|a GrPaTEI
|b gre
|c GR-PaULI
|
| 082 |
|
0 |
|a 331.12
|
| 100 |
1 |
|
|a Αλεξίου, Θανάσης
|
| 245 |
1 |
0 |
|a Εργασία,εκπαίδευση και κοινωνικές τάξεις :
|b Το ιστορικο-θεωρητικό πλαίσιο. /
|c Θανάσης Αλεξίου.
|
| 260 |
|
|
|a Αθήνα :
|b Παπαζήσης,
|c 2002
|
| 300 |
|
|
|a 445σ. ;
|c 21εκ.
|
| 504 |
|
|
|a Περιλαμβάνει βιβλιογραφία.
|
| 650 |
|
4 |
|a Αγορά εργασίας
|
| 650 |
|
4 |
|a Εκπαίδευση και εργασία
|
| 650 |
|
4 |
|a ΕΠΑΓΓΕΛΜΑΤΙΚΗ ΕΚΠΑΙΔΕΥΣΗ
|
| 650 |
|
4 |
|a Εργασία και εργαζόμενοι
|x Εκπαίδευση
|
| 650 |
|
4 |
|a Εργασιακές Σχέσεις
|
| 650 |
|
4 |
|a Κοινωνικές επιστήμες
|
| 650 |
|
4 |
|a Κοινωνικές τάξεις
|
| 942 |
|
|
|2 ddc
|
| 952 |
|
|
|0 0
|1 0
|2 ddc
|4 0
|6 331_120000000000000_ΑΛΕ
|7 0
|9 271701
|a MSLG
|b MSLG
|c BSC
|d 2021-01-17
|e 24
|f 0
|g 0.00
|l 0
|o 331.12 ΑΛΕ
|p 2420000022548
|r 2021-01-17 00:00:00
|t 1
|w 2021-01-17
|y BK15
|x 20070925 0 ΜΑΤΣΙΩΡΗ 1
|x GrPaTEI
|
| 952 |
|
|
|0 0
|1 0
|2 ddc
|4 0
|6 331_120000000000000_ΑΛΕ
|7 0
|9 271702
|a MSLG
|b MSLG
|c BSC
|d 2021-01-17
|e 24
|f 0
|g 0.00
|l 0
|o 331.12 ΑΛΕ
|p 2420000022549
|r 2021-01-17 00:00:00
|t 1
|w 2021-01-17
|y BK15
|x 20070925 0 ΜΑΤΣΙΩΡΗ 1
|x GrPaTEI
|
| 971 |
|
|
|a .b25792441
|b 01-10-20
|c 13-09-16
|
| 999 |
|
|
|c 156991
|d 156991
|